Java programming : from problem analysis to program design

Bibliographic Details
Main Author: Malik, D. S. (Author)
Format: Book
Language:English
Published: Boston, Massachusetts : Course Technology, Cengage Learning , c2012
Edition:5th ed
Subjects:

MARC

LEADER 00000cam a2200000 7i4500
001 0000079113
005 20161221093000.0
008 120701s2012 mau eng
020 |a 111153053X (paperback : alk. paper) 
020 |a 1111577641 
020 |a 9781111530532 (paperback : alk. paper) 
020 |a 9781111577643 
050 0 0 |a QA76.76.J38   |b M35 2012 
090 0 0 |a QA76.76.J38   |b M35 2012 
100 1 |a Malik, D. S. ,   |e author 
245 1 0 |a Java programming :   |b from problem analysis to program design   |c D. S. Malik 
250 |a 5th ed 
260 |a Boston, Massachusetts :   |b Course Technology, Cengage Learning ,   |c c2012 
300 |a xxxiv, 1036 p. :   |b ill. (chiefly col.) ;   |c 23 cm. 
500 |a Includes index 
505 0 |a 1. An overview of computers and programming languages -- 2. Basic elements of Java -- 3. Introduction to objects and input/output -- 4. Control structures 1 : selection -- 5. Control structures 2 : repetition -- 6. Graphical user interface (GUI) and object-oriented design (OOD) -- 7. User-defined methods -- 8. User-defined classes and ADTs -- 9. Arrays -- 10. Inheritance and polymorphism -- 11. Handling exceptions and events -- 12. Advanced GUIs and graphics -- 13. Recursion -- 14. Searching and sorting 
650 0 |a Java (Computer program language) 
999 |a 1000156588   |b Book   |c OPEN SHELF (30 DAYS)   |e Tembila Campus